00791nam a2200217Ma 4500001001300000003000600013005001700019008004100036020002500077035002100102040001800123050002500141245009700166260004500263300004800308650003100356700001600387942001700403999001900420952013400439ocn854500326OCoLC20140926154950.0120813s2013 enka b 001 0 eng d a9781446249789 (pbk.) a(OCoLC)854500326 aLVBbfrecLVB00aLB 1139.23b.T7 201300aTransitions in the early years :bworking with children and families /cedited by Lyn Trodd. aLondon :bSAGE Publication Ltd.,cc2013. axxvii, 178 pages :billustrations ;c25 cm. 0aEarly childhood education.1 aTrodd, Lyn. 2lcccBKkFOR c275904d275904 00102lcc40aCLbCLcRESd2014-09-26eLibrary Fundg2855.00l0oLB 1139.23 .T7 2013pC18692r2018-05-15 00:00:00w2014-09-26yBK